Most Mentioned Quran Characters - Statistics

General Stats
  • This quiz has been taken 2,232 times
  • The average score is 10 of 20
Answer Stats
# of Mentions Character % Correct
59 Jesus
96%
69 Abraham
82%
136 Moses
81%
25 Adam
68%
27 Joseph
66%
34 Mary
65%
43 Noah
63%
59 Jacob/Israel
56%
16 David
54%
17 Isaac
51%
17 Solomon
48%
12 Ishmael
46%
27 Lot
37%
24 Aaron
35%
7 Zechariah
25%
25 Hud
24%
74 Pharaoh
24%
9 Saleh
20%
10 Jethro
13%
6 Haman
6%
No matching quizzes found
Score Distribution
Percent of People with Each Score
Percentile by Number Answered
Your Score History
You have not taken this quiz